[Event "ROM-ch U18 Girls"]
[Site "Calimanesti"]
[Date "2018.03.29"]
[Round "3"]
[White "Radu, Mihaela Delia"]
[Black "Cristocea, Gabriela"]
[Result "0-1"]
[WhiteElo "1367"]
[BlackElo "1525"]
[PlyCount "130"]
[EventDate "2018.03.27"]
[EventType "swiss"]
[EventRounds "9"]
[EventCountry "ROU"]
[SourceTitle "CBM 183 Extra"]
[Source "ChessBase"]
[SourceDate "2018.04.19"]
[SourceVersion "1"]
[SourceVersionDate "2018.04.19"]
[SourceQuality "1"]

1. e4 e6 2. d4 d5 3. e5 c5 4. c3 Nc6 5. Nf3 Bd7 6. Bd3 cxd4 7. cxd4 Qb6 8. Bc2 Nb4 9. 0-0 Nxc2 10. Qxc2 Rc8 11. Qd1 Ne7 12. b3 Nf5 13. Bb2 Bb5 14. Re1 Bb4 15. Nbd2 0-0 16. a3 Bc3 17. Bxc3 Rxc3 18. Rc1 Rd3 19. Qc2 Nxd4 20. Nxd4 Qxd4 21. Nf3 Qb6 22. Ng5 h6 23. Rcd1 Qc6 24. Qb1 Qc3 25. Nf3 Qxb3 26. Rxd3 Qxd3 27. Qb4 Qc4 28. Qb2 Rc8 29. h3 a6 30. Rb1 Qc3 31. Qa2 Bc4 32. Qb2 Qxb2 33. Rxb2 b5 34. Nd4 Bd3 35. Rb3 Be4 36. f3 Bg6 37. Kf2 Rc4 38. Ne2 d4 39. Nf4 Bc2 40. Rb2 d3 41. Nxd3 Bxd3 42. Rb3 Bc2 43. Re3 Ba4 44. Ke2 Rc2+ 45. Kf1 Kf8 46. g3 Ke7 47. Rd3 b4 48. Re3 Bb5+ 49. Ke1 Re2+ 50. Rxe2 Bxe2 51. axb4 Bxf3 52. Kd2 f6 53. exf6+ gxf6 54. Ke3 Bd5 55. Kd4 Kd6 56. h4 e5+ 57. Ke3 Kc6 58. Kd3 Kb5 59. Kc3 e4 60. Kd2 Kxb4 61. Ke3 a5 62. Kd2 a4 63. Kc2 a3 64. Kc1 e3 65. Kc2 a2 0-1

[Event "ROM-ch U18 Girls"]
[Site "Calimanesti"]
[Date "2018.03.29"]
[Round "4"]
[White "Radu, Mihaela Delia"]
[Black "Jumbei, Victoria1111"]
[Result "1-0"]
[WhiteElo "1367"]
[BlackElo "1001"]
[PlyCount "63"]
[EventDate "2018.03.27"]
[EventType "swiss"]
[EventRounds "9"]
[EventCountry "ROU"]
[SourceTitle "CBM 183 Extra"]
[Source "ChessBase"]
[SourceDate "2018.04.19"]
[SourceVersion "1"]
[SourceVersionDate "2018.04.19"]
[SourceQuality "1"]

1. e4 e5 2. Nf3 Nc6 3. Bb5 a6 4. Ba4 Nf6 5. 0-0 d6 6. Re1 Bd7 7. c3 Be7 8. d4 exd4 9. cxd4 0-0 10. Nbd2 Nb4 11. Bxd7 Qxd7 12. Nf1 Qc6 13. Bd2 Nd3 14. Re3 Nxb2 15. Qb3 Na4 16. Rc1 Qb5 17. Rxc7 Bd8 18. Rxb7 Qc6 19. Rb4 Nb6 20. d5 Qc7 21. Ng3 Rc8 22. Rc3 Qb7 23. Rxc8 Qxc8 24. h3 Re8 25. Be3 Nbd7 26. Rc4 Nc5 27. Bxc5 dxc5 28. Qa4 Be7 29. Nf5 Nd7 30. Qa5 Bd8 31. Qc3 Qb8 32. Qxg7# 1-0

[Event "ROM-ch U18 Girls"]
[Site "Calimanesti"]
[Date "2018.03.27"]
[Round "1"]
[White "Radu, Mihaela Delia"]
[Black "Hrib, Andrada Ioana"]
[Result "0-1"]
[WhiteElo "1367"]
[BlackElo "1813"]
[PlyCount "82"]
[EventDate "2018.03.27"]
[EventType "swiss"]
[EventRounds "9"]
[EventCountry "ROU"]
[SourceTitle "CBM 183 Extra"]
[Source "ChessBase"]
[SourceDate "2018.04.19"]
[SourceVersion "1"]
[SourceVersionDate "2018.04.19"]
[SourceQuality "1"]

1. e4 c5 2. Nf3 d6 3. d4 cxd4 4. Nxd4 Nf6 5. Nc3 a6 6. Bd3 e5 7. Nb3 Be6 8. 0-0 Be7 9. Be3 d5 10. exd5 Nxd5 11. Nxd5 Bxd5 12. Qg4 Bf6 13. Rad1 Qc7 14. Be4 Bxe4 15. Qxe4 Nd7 16. Rd2 0-0 17. Qg4 Rfd8 18. c3 Nb6 19. Rxd8+ Rxd8 20. Nc5 Nd5 21. Ne4 Be7 22. Bg5 Bxg5 23. Qxg5 Nf4 24. g3 Ne6 25. Qg4 Kh8 26. Re1 h6 27. h4 Qb6 28. b3 Qc7 29. Re3 Qd7 30. Kh2 Rf8 31. Qe2 Rd8 32. Qf3 Kg8 33. Qg4 Kh8 34. Qf3 Kg8 35. Qg4 Kh8 36. Qf3 b6 37. g4 Qd1 38. Qxf7 Qxg4 39. Qe7 Rd1 40. Rg3 Qxe4 41. Qxe6 Qh1# 0-1

[Event "ROM-ch U18 Girls"]
[Site "Baile Felix"]
[Date "2017.02.05"]
[Round "5"]
[White "Cimpean, Andra"]
[Black "Radu, Mihaela Delia"]
[Result "1-0"]
[WhiteElo "2018"]
[BlackElo "1339"]
[PlyCount "41"]
[EventDate "2017.02.02"]
[EventType "swiss"]
[EventRounds "9"]
[EventCountry "ROU"]
[SourceTitle "CBM 176 Extra"]
[Source "ChessBase"]
[SourceDate "2017.03.02"]
[SourceVersion "1"]
[SourceVersionDate "2017.03.02"]
[SourceQuality "1"]

1. e4 e5 2. Nf3 Nc6 3. Bc4 Bc5 4. c3 Nf6 5. d3 0-0 6. Nbd2 d6 7. Bb3 Be6 8. h3 Qd7 9. Nf1 h6 10. Ng3 Ne7 11. Nh4 c6 12. Qf3 d5 13. 0-0 d4 14. c4 Bd6 15. Bxh6 Nxe4 16. Nxe4 Ng6 17. Nf6+ Kh8 18. Nxd7 Bxd7 19. Bg5 Nxh4 20. Bxh4 f5 21. Qh5+ 1-0

[Event "ROM-ch U14 Girls"]
[Site "Calimanesti"]
[Date "2014.04.11"]
[Round "7"]
[White "Radu, Mihaela Delia"]
[Black "Surdu, Maria Valentina"]
[Result "1-0"]
[WhiteElo "1338"]
[BlackElo "1279"]
[PlyCount "53"]
[EventDate "2014.04.06"]
[EventType "swiss"]
[EventRounds "9"]
[EventCountry "ROU"]
[SourceTitle "CBM 160 Extra"]
[Source "ChessBase"]
[SourceDate "2014.07.01"]
[SourceVersion "1"]
[SourceVersionDate "2014.07.01"]
[SourceQuality "1"]

1. e4 e5 2. Nf3 Nf6 3. Nxe5 d6 4. Nf3 Nxe4 5. Nc3 Qe7 6. Be2 Nf6 7. d4 Qd8 8. Be3 Be7 9. Qd2 Nc6 10. h3 Bf5 11. g4 Be4 12. Nxe4 Nxe4 13. Qd3 d5 14. Qb5 Rb8 15. Qa4 0-0 16. 0-0-0 a6 17. Bxa6 bxa6 18. Qxc6 Qd6 19. Qxd6 Bxd6 20. Ne5 Rb7 21. f3 Ng3 22. Rh2 Rfb8 23. b3 Ba3+ 24. Kb1 f5 25. Rg2 f4 26. Bxf4 a5 27. Rxg3 1-0

[Event "ROM-ch U14 Girls"]
[Site "Calimanesti"]
[Date "2014.04.09"]
[Round "4"]
[White "Ercsei, Estera Alexandra"]
[Black "Radu, Mihaela Delia"]
[Result "0-1"]
[WhiteElo "1133"]
[BlackElo "1338"]
[PlyCount "36"]
[EventDate "2014.04.06"]
[EventType "swiss"]
[EventRounds "9"]
[EventCountry "ROU"]
[SourceTitle "CBM 160 Extra"]
[Source "ChessBase"]
[SourceDate "2014.07.01"]
[SourceVersion "1"]
[SourceVersionDate "2014.07.01"]
[SourceQuality "1"]

1. e4 e5 2. Nf3 Nc6 3. Nc3 Bc5 4. Bc4 d6 5. d3 Bg4 6. h3 Bh5 7. 0-0 Nd4 8. Kh2 Nxf3+ 9. gxf3 Qh4 10. Be3 Bd4 11. Bxd4 exd4 12. Nd5 0-0-0 13. c3 c6 14. Nb4 Qf4+ 15. Kg1 Bxf3 16. Qc1 Qf6 17. Re1 Qg6+ 18. Kf1 Qg2# 0-1

[Event "ROM-ch U14 Girls"]
[Site "Calimanesti"]
[Date "2014.04.07"]
[Round "2"]
[White "Radu, Mihaela Delia"]
[Black "Davidescu, Miruna Gabriela"]
[Result "0-1"]
[WhiteElo "1338"]
[BlackElo "1257"]
[PlyCount "102"]
[EventDate "2014.04.06"]
[EventType "swiss"]
[EventRounds "9"]
[EventCountry "ROU"]
[SourceTitle "CBM 160 Extra"]
[Source "ChessBase"]
[SourceDate "2014.07.01"]
[SourceVersion "1"]
[SourceVersionDate "2014.07.01"]
[SourceQuality "1"]

1. e4 c6 2. Nc3 d5 3. Nf3 Bg4 4. d4 dxe4 5. Nxe4 Bxf3 6. gxf3 e6 7. Be3 Nf6 8. Qd2 Be7 9. 0-0-0 Qd5 10. Nc3 Qxf3 11. Rg1 Rg8 12. Rg3 Qf5 13. Bd3 Qa5 14. Bg5 g6 15. Kb1 Nd5 16. Ne4 Qxd2 17. Rxd2 Bxg5 18. Nxg5 h6 19. Ne4 Ke7 20. Rh3 h5 21. Ng5 Rg7 22. c4 Nf4 23. Re3 Nxd3 24. Rdxd3 Kf8 25. Rf3 Kg8 26. Rf4 Na6 27. Rdf3 f5 28. Nxe6 Re7 29. d5 cxd5 30. cxd5 Nc7 31. Nxc7 Rxc7 32. a3 Kf7 33. Rd4 Rd7 34. Rfd3 Rad8 35. f4 Kf6 36. h4 Re8 37. d6 Re4 38. Rd1 Ke6 39. Ka2 Rxd4 40. Rxd4 Rxd6 41. Rb4 Rb6 42. Rc4 Kd5 43. b3 Rc6 44. Ra4 a6 45. Kb2 b5 46. Rb4 Rc5 47. a4 bxa4 48. Rxa4 a5 49. b4 axb4 50. Rxb4 Rc4 51. Rb5+ Ke4 0-1

[Event "ROM-ch U14 Girls"]
[Site "Calimanesti"]
[Date "2013.04.08"]
[Round "9"]
[White "Radu, Mihaela Delia"]
[Black "Mihai, Ioana Maria"]
[Result "1/2-1/2"]
[WhiteElo "1131"]
[BlackElo "1184"]
[PlyCount "128"]
[EventDate "2013.04.02"]
[EventType "swiss"]
[EventRounds "9"]
[EventCountry "ROU"]
[SourceTitle "CBM 153 Extra"]
[Source "ChessBase"]
[SourceDate "2013.04.22"]
[SourceVersion "1"]
[SourceVersionDate "2013.04.22"]
[SourceQuality "1"]

1. e4 e5 2. Nf3 Nc6 3. Bb5 a6 4. Ba4 Nf6 5. d4 exd4 6. e5 Ng4 7. Nxd4 Ngxe5 8. 0-0 Bc5 9. Nxc6 Nxc6 10. Re1+ Be7 11. Bxc6 dxc6 12. Qxd8+ Kxd8 13. Nc3 Bf5 14. Re2 Re8 15. Bf4 Bd6 16. Rd2 Ke7 17. Re1+ Kd7 18. Re5 Rxe5 19. Bxe5 Re8 20. f4 Kc8 21. Re2 f6 22. Bxd6 Rxe2 23. Nxe2 cxd6 24. c3 Bd3 25. Ng3 Kd7 26. Kf2 Ke6 27. Kf3 Kd5 28. Kg4 g6 29. h4 Kc4 30. f5 Bb1 31. fxg6 hxg6 32. h5 gxh5+ 33. Kxh5 Bxa2 34. Nf5 d5 35. g4 Bb1 36. Kg6 Kb3 37. Kxf6 Kxb2 38. g5 Kxc3 39. g6 d4 40. g7 Ba2 41. Nh6 d3 42. Nf7 Bxf7 43. Kxf7 d2 44. g8Q d1Q 45. Qg7+ Qd4 46. Qg3+ Qd3 47. Qe1+ Qd2 48. Qa1+ Qb2 49. Qe1+ Kd3 50. Qg3+ Kc2 51. Qf2+ Kb1 52. Qf5+ Ka2 53. Qa5+ Qa3 54. Qd2+ Qb2 55. Qa5+ Kb1 56. Qe1+ Kc2 57. Qf2+ Kc3 58. Qc5+ Kb3 59. Qb6+ Ka2 60. Qa5+ Qa3 61. Qd2+ Kb1 62. Qd1+ Qc1 63. Qb3+ Qb2 64. Qd1+ Qc1 1/2-1/2

[Event "ROM-ch U14 Girls"]
[Site "Calimanesti"]
[Date "2013.04.05"]
[Round "5"]
[White "Radu, Mihaela Delia"]
[Black "Surdu, Maria Valentina"]
[Result "1-0"]
[WhiteElo "1131"]
[BlackElo "1062"]
[PlyCount "27"]
[EventDate "2013.04.02"]
[EventType "swiss"]
[EventRounds "9"]
[EventCountry "ROU"]
[SourceTitle "CBM 153 Extra"]
[Source "ChessBase"]
[SourceDate "2013.04.22"]
[SourceVersion "1"]
[SourceVersionDate "2013.04.22"]
[SourceQuality "1"]

1. e4 e5 2. Nc3 Nf6 3. d3 Nc6 4. Bg5 Be7 5. Nf3 d6 6. Be2 0-0 7. Qd2 Bg4 8. 0-0-0 h6 9. Bxh6 gxh6 10. Qxh6 Nd7 11. h4 Nb6 12. Ng5 Re8 13. Qh7+ Kf8 14. Qh8# 1-0

[Event "ROM-ch U14 Girls"]
[Site "Calimanesti"]
[Date "2013.04.05"]
[Round "6"]
[White "Trimbitaru, Cornelia"]
[Black "Radu, Mihaela Delia"]
[Result "1-0"]
[WhiteElo "1454"]
[BlackElo "1131"]
[PlyCount "119"]
[EventDate "2013.04.02"]
[EventType "swiss"]
[EventRounds "9"]
[EventCountry "ROU"]
[SourceTitle "CBM 153 Extra"]
[Source "ChessBase"]
[SourceDate "2013.04.22"]
[SourceVersion "1"]
[SourceVersionDate "2013.04.22"]
[SourceQuality "1"]

1. d4 c5 2. d5 e5 3. e4 Nf6 4. Bd3 d6 5. h3 Be7 6. c4 0-0 7. Bg5 Nbd7 8. Nc3 Nb6 9. b3 Bd7 10. Nge2 h6 11. Bh4 Qc7 12. 0-0 Nxe4 13. Bxe7 Nxc3 14. Nxc3 Rfe8 15. Bh4 Nc8 16. Qc2 Kh8 17. Bf5 Ne7 18. Bxe7 Rxe7 19. Bxd7 Qxd7 20. Qe2 Rae8 21. Qg4 Qc7 22. Rfe1 Qa5 23. Re3 a6 24. Rg3 f6 25. Ne4 Rd8 26. Qg6 b5 27. Rc3 Rf8 28. Rc2 f5 29. Qxd6 Rff7 30. Nd2 bxc4 31. bxc4 e4 32. Re1 f4 33. Rxe4 Rxe4 34. Nxe4 Qe1+ 35. Kh2 Qxe4 36. Rc1 f3 37. g3 Qe2 38. Kg1 Qxa2 39. Qxc5 a5 40. Qd4 a4 41. Ra1 Qb3 42. Qe4 Ra7 43. Qb1 Qc3 44. Qb8+ Kh7 45. Qxa7 Qxa1+ 46. Kh2 a3 47. d6 Qf6 48. Qxa3 h5 49. Qd3+ Kg8 50. d7 Qd8 51. c5 Kf8 52. Qd6+ Kf7 53. c6 Qa5 54. d8Q Qe1 55. Q8d7+ Kg8 56. Qd2 Qf1 57. Q2d5+ Kh7 58. Qxf3 Qb5 59. Qff5+ Qxf5 60. Qxf5+ 1-0